|
|
|
|
| LEADER |
00806naa a2200193 i 4500 |
| 001 |
acta67798 |
| 005 |
20260224081030.0 |
| 008 |
200421s2008 hu o 000 hun d |
| 020 |
|
|
|a 978 963 9573 41 3
|
| 040 |
|
|
|a SZTE Egyetemi Kiadványok Repozitórium
|b hun
|
| 041 |
|
|
|a hun
|
| 100 |
1 |
|
|a Danka Krisztina
|
| 245 |
1 |
0 |
|a Isten Játszik?
|h [elektronikus dokumentum] :
|b a szent megnyilatkozásai Thomas Mann József és testvérei és Krishna Dharma Mahábhárata c. regényeiben /
|c Danka Krisztina
|
| 260 |
|
|
|c 2008
|
| 300 |
|
|
|a 43-63
|
| 490 |
0 |
|
|a Mircea Eliade egykor és ma : centenáriumi tisztelgés
|
| 695 |
|
|
|a Vallástudomány - összehasonlító - ókori
|
| 710 |
|
|
|a Mircea Eliade egykor és ma (2007) (Szeged)
|
| 856 |
4 |
0 |
|u http://acta.bibl.u-szeged.hu/67798/1/2008_mircea_043-063.pdf
|z Dokumentum-elérés
|